00258nam a2200109Ia 4500008004100000100001400041245003600055260001300091650002000104942000700124999001700131190216s9999||||xx |||||||||||||| ||und|| aClose R A 2aA University Grammer Of English bLongmans aEnglish Grammer cBK c12923d12923